| 000 | 01051nam a2200301 4500 | ||
|---|---|---|---|
| 003 | EC-UNACH | ||
| 005 | 20251125165159.0 | ||
| 006 | s||||gr|||| 00| 00 | ||
| 008 | 150116t9999 mx r gr 000 0 spa d | ||
| 020 | _a978-9942-07-195-8 | ||
| 040 |
_aEC-UNACH _cEC-UNACH |
||
| 041 | _aspa | ||
| 082 | 0 | 4 |
_223 _a860 _bL018393 |
| 110 | _aEdiciones del consejo nacional de cultura | ||
| 245 | _aNotas de artes y literatura | ||
| 250 | _aPrimera edición | ||
| 264 |
_aEcuador _bEdiciones del consejo nacional de cultura _c2011 |
||
| 300 | _a295 | ||
| 505 | _a1- -Lengua y habla - - 2- Los libros, los autores, la literatura - - 3 - La música - - 4 - De las otras artes - - 5 -Mito y sociedad - - 6 - El movimiento perpetuo - - 7- Portafolio fotográfico. | ||
| 650 | _aA DONDE VA NUESTRO IDIOMA | ||
| 650 | _aEL ESPAÑOL COMO IDIOMA ZAFIO | ||
| 650 | _aCOLOR Y SONIDO | ||
| 700 | _aFrancisco Alexander | ||
| 942 |
_2ddc _c1 |
||
| 999 | _c14222 | ||